Gulf politics and economics in a changing world / (Record no. 18522)
[ view plain ]
| 000 -LEADER | |
|---|---|
| fixed length control field | 01237nam a22002897a 4500 |
| 005 - DATE AND TIME OF LATEST TRANSACTION | |
| control field | 20141030110328.0 |
| 008 - FIXED-LENGTH DATA ELEMENTS--GENERAL INFORMATION | |
| fixed length control field | 141030t2014 xxuad fr 001 0 eng d |
| 020 ## - INTERNATIONAL STANDARD BOOK NUMBER | |
| International Standard Book Number | 9789814566193 |
| 040 ## - CATALOGING SOURCE | |
| Original cataloging agency | EG-ScBUE |
| 043 ## - GEOGRAPHIC AREA CODE | |
| Geographic area code | ap----- |
| -- | n-us--- |
| 082 00 - DEWEY DECIMAL CLASSIFICATION NUMBER | |
| Edition number | 22 |
| Classification number | 320.9536 |
| Item number | GUL |
| 245 00 - TITLE STATEMENT | |
| Title | Gulf politics and economics in a changing world / |
| Remainder of title | editor Michael Hudson, Mimi Kirk. |
| 260 ## - PUBLICATION, DISTRIBUTION, ETC. (IMPRINT) | |
| Place of publication, distribution, etc | Hackensack, United States ; |
| -- | London : |
| Name of publisher, distributor, etc | World Scientific, |
| Date of publication, distribution, etc | c.2014 |
| Place of manufacture | ([Singapore] : |
| Manufacturer | World Scientific Printers) |
| 300 ## - PHYSICAL DESCRIPTION | |
| Extent | xiii, 224 p. : |
| Other physical details | charts, tables ; |
| Dimensions | 24 cm. |
| 500 ## - GENERAL NOTE | |
| General note | Index : p. 223-224. |
| 651 #0 - SUBJECT ADDED ENTRY--GEOGRAPHIC NAME | |
| Geographic name | Persian Gulf Region |
| General subdivision | Politics and government |
| Chronological subdivision | 21st century |
| 9 (RLIN) | 36378 |
| 651 #0 - SUBJECT ADDED ENTRY--GEOGRAPHIC NAME | |
| Geographic name | Persian Gulf Region |
| General subdivision | Foreign relations |
| Chronological subdivision | 21st century |
| 9 (RLIN) | 36379 |
| 651 #0 - SUBJECT ADDED ENTRY--GEOGRAPHIC NAME | |
| Geographic name | Persian Gulf Region |
| General subdivision | Economic conditions |
| Chronological subdivision | 21st century |
| 9 (RLIN) | 36146 |
| 651 #0 - SUBJECT ADDED ENTRY--GEOGRAPHIC NAME | |
| Geographic name | Persian Gulf Region |
| General subdivision | Strategic aspects |
| 9 (RLIN) | 36145 |
| 651 #0 - SUBJECT ADDED ENTRY--GEOGRAPHIC NAME | |
| Geographic name | Persian Gulf Region |
| General subdivision | Foreign relations |
| Geographic subdivision | United States |
| 9 (RLIN) | 36381 |
| 651 #0 - SUBJECT ADDED ENTRY--GEOGRAPHIC NAME | |
| Geographic name | United States |
| General subdivision | Foreign relations |
| Geographic subdivision | Persian Gulf Region |
| 9 (RLIN) | 36383 |
| 653 ## - INDEX TERM--UNCONTROLLED | |
| Resource For college | BAEPS, Political Science |
| Arrived date list | October2014 |
| 655 ## - INDEX TERM--GENRE/FORM | |
| Form subdivision | |
| -- | 34232 |
| 700 1# - ADDED ENTRY--PERSONAL NAME | |
| Personal name | Hudson, Michael, |
| Dates associated with a name | 1939- |
| 9 (RLIN) | 9475 |
| Relator term | editor. |
| 700 1# - ADDED ENTRY--PERSONAL NAME | |
| Personal name | Kirk, Mimi |
| 9 (RLIN) | 36377 |
| Relator term | editor. |
| 942 ## - ADDED ENTRY ELEMENTS (KOHA) | |
| Source of classification or shelving scheme | Dewey Decimal Classification |
| Call number prefix | 320.9536 GUL |
| Withdrawn status | Item status | Source of classification or shelving scheme | Damaged status | Not for loan | Vendor | Home library | Current library | Shelving location | Date acquired | Source of acquisition | Cost, normal purchase price | Total Checkouts | Total Renewals | Full call number | Barcode | Date last seen | Date last borrowed | Cost, replacement price | Koha item type |
|---|---|---|---|---|---|---|---|---|---|---|---|---|---|---|---|---|---|---|---|
| Dewey Decimal Classification | Baccah | Central Library | Central Library | First floor | 30/10/2014 | 440.00 | 3 | 4 | 320.9536 GUL | 000036879 | 15/07/2025 | 25/09/2016 | 550.00 | Book - Borrowing | |||||
| Dewey Decimal Classification | Baccah | Central Library | Central Library | First floor | 30/10/2014 | 440.00 | 2 | 3 | 320.9536 GUL | 000036880 | 15/07/2025 | 13/02/2017 | 550.00 | Book - Borrowing | |||||
| Dewey Decimal Classification | Baccah | Central Library | Central Library | First floor | 30/10/2014 | 440.00 | 1 | 320.9536 GUL | 000036881 | 15/07/2025 | 23/03/2015 | 550.00 | Book - Borrowing |